| 000 | 00482nam a22001457a 4500 | ||
|---|---|---|---|
| 082 | _a621.3 | ||
| 100 | _aWaqar, Sahil | ||
| 245 |
_aProbabilistic data association based multiple target Tacking / _cSahil Waqar. |
||
| 260 |
_aIslamabad : _bCEME - NUST, _c2013. |
||
| 300 |
_a87 p. : ill. ; _c30cm. |
||
| 650 |
_aElectrical Engineering - MS Theses. _926977 |
||
| 700 |
_aSup: Dr. Muhammad Salman. _934855 |
||
| 942 |
_2ddc _cTHE |
||
| 999 |
_c540697 _d540697 |
||